Library Banner

50 activities for developing emotional intelligence (Record no. 1083)

MARC details
000 -LEADER
fixed length control field 00466nam a2200169Ia 4500
001 - CONTROL NUMBER
control field 982
008 - FIXED-LENGTH DATA ELEMENTS--GENERAL INFORMATION
fixed length control field 140312s9999 xx 000 0 und d
020 ## - INTERNATIONAL STANDARD BOOK NUMBER
International Standard Book Number 8180520056
040 ## - CATALOGING SOURCE
Transcribing agency PK-LaUMT
082 ## - DEWEY DECIMAL CLASSIFICATION NUMBER
Classification number 152.4076
Item number LYN-F
100 ## - MAIN ENTRY--PERSONAL NAME
Personal name Adele B. Lynn
245 ## - TITLE STATEMENT
Title 50 activities for developing emotional intelligence
Statement of responsibility, etc Adele B. Lynn
260 ## - PUBLICATION, DISTRIBUTION, ETC. (IMPRINT)
Place of publication, distribution, etc "New Delhi,India:"
Name of publisher, distributor, etc "Ane Books,"
Date of publication, distribution, etc 2003.
300 ## - PHYSICAL DESCRIPTION
Extent 299 p.
650 ## - SUBJECT ADDED ENTRY--TOPICAL TERM
Topical term or geographic name as entry element Emotional intelligence-Problems
942 ## - ADDED ENTRY ELEMENTS (KOHA)
Koha item type Books
Holdings
Withdrawn status Lost status Damaged status Not for loan Home library Current library Date acquired Total Checkouts Full call number Barcode Date last seen Date checked out Price effective from Koha item type
        UMT Main Campus UMT Main Campus 2014-03-12 1 152.4076 LYN-F 35347 2019-09-20 2019-09-18 2014-03-12 Books